|
|
|
|
| LEADER |
00000nab a2200000 a 4500 |
| 001 |
vtls000476820 |
| 003 |
SK-MaSNL |
| 005 |
20260304215552.0 |
| 008 |
230120c1993 xo 0 slo |
| 015 |
|
|
|a SNBRB19rr/mm-uuuuu
|
| 035 |
|
|
|a CL0476954
|
| 035 |
|
|
|a urn:nbn:sk:snk-abdojz
|
| 035 |
|
|
|a (urnnbn)urn:nbn:sk:snk:ar-0013an
|
| 035 |
|
|
|a (uuid)4fd86893-299e-4a03-84d1-4b00563c4b9d
|
| 040 |
|
|
|a SNKBUCL
|b slo
|c SNKBUCL
|e AACR2
|
| 041 |
0 |
|
|a slo
|
| 044 |
|
|
|a xo
|c SK
|
| 080 |
|
|
|a 82:061.7:06.063:82.085
|2 1981
|
| 080 |
|
|
|a 82.085
|2 1981
|
| 100 |
1 |
|
|a Sprušanský, Svetozár,
|d 1971-
|4 aut
|9 132568
|
| 245 |
1 |
0 |
|a Moravské metamorfózy
|c Svetozár Sprušanský
|
| 300 |
|
|
|b Fotogr. 1
|
| 650 |
0 |
7 |
|a recitácie
|2 snkbucl
|9 31371
|
| 650 |
0 |
7 |
|a Moravský festival poézie 1992, Valašské Meziříčí
|2 snkbucl
|9 1291623
|
| 655 |
|
7 |
|a články z novín a časopisov
|2 snkbucl
|9 267496
|
| 773 |
0 |
|
|t Javisko
|g Roč. 25, č. 1 (1993), s. 16
|
| 850 |
|
|
|a Slovenská národná knižnica v Martine
|a MTA001
|
| 852 |
|
|
|a SNK
|b KIS3GCP
|
| 954 |
|
|
|a odborná, vedecká literatúra pôvodná (slovenská)
|2 lita
|
| 958 |
|
|
|a OND
|
| 958 |
|
|
|a RK
|
| 958 |
|
|
|a CZ
|
| 958 |
|
|
|a EUIPO
|
| 958 |
|
|
|a article19
|
| 992 |
|
|
|a RBX
|
| 999 |
|
|
|c 3147021
|d 3148951
|